The Epistles of St. Peter and St. Jude Preached and Explained (Record no. 258933)
[ view plain ]
| 000 -LEADER | |
|---|---|
| fixed length control field | 00870cam a22002773a 4500 |
| 001 - CONTROL NUMBER | |
| control field | 29678 |
| 003 - CONTROL NUMBER IDENTIFIER | |
| control field | PGUSA |
| 005 - DATE AND TIME OF LATEST TRANSACTION | |
| control field | 20140828083636.0 |
| 008 - FIXED-LENGTH DATA ELEMENTS--GENERAL INFORMATION | |
| fixed length control field | 090812s2009||||xxu|||||s|||||000 | eng d |
| 040 ## - CATALOGING SOURCE | |
| Original cataloging agency | PGUSA |
| Language of cataloging | eng |
| 042 ## - AUTHENTICATION CODE | |
| Authentication code | dc |
| 050 #4 - LIBRARY OF CONGRESS CALL NUMBER | |
| Classification number | BS |
| 100 1# - MAIN ENTRY--PERSONAL NAME | |
| Personal name | Luther, Martin, |
| Dates associated with a name | 1483-1546 |
| 245 14 - TITLE STATEMENT | |
| Title | The Epistles of St. Peter and St. Jude Preached and Explained |
| Medium | [electronic resource] / |
| Statement of responsibility, etc | Martin Luther |
| 260 ## - PUBLICATION, DISTRIBUTION, ETC. (IMPRINT) | |
| Name of publisher, distributor, etc | Project Gutenberg, |
| Date of publication, distribution, etc | 2009 |
| 506 ## - RESTRICTIONS ON ACCESS NOTE | |
| Terms governing access | Public domain in the USA. |
| 516 ## - TYPE OF COMPUTER FILE OR DATA NOTE | |
| Type of computer file or data note | Electronic text |
| 653 ## - INDEX TERM--UNCONTROLLED | |
| Uncontrolled term | Bible. Peter |
| 653 ## - INDEX TERM--UNCONTROLLED | |
| Uncontrolled term | Bible. Jude |
| 653 ## - INDEX TERM--UNCONTROLLED | |
| Uncontrolled term | Bible. Jude -- Criticism, interpretation, etc. |
| 653 ## - INDEX TERM--UNCONTROLLED | |
| Uncontrolled term | Bible. Peter -- Criticism, interpretation, etc. |
| 700 1# - ADDED ENTRY--PERSONAL NAME | |
| Personal name | Gillett, E. H. |
| Fuller form of name | (Ezra Hall), |
| Dates associated with a name | 1823-1875 |
| 830 #0 - SERIES ADDED ENTRY--UNIFORM TITLE | |
| Uniform title | Project Gutenberg |
| Volume number/sequential designation | 29678 |
| 856 40 - ELECTRONIC LOCATION AND ACCESS | |
| Uniform Resource Identifier | <a href="http://www.gutenberg.org/ebooks/29678">http://www.gutenberg.org/ebooks/29678</a> |
| 942 ## - ADDED ENTRY ELEMENTS (KOHA) | |
| Koha item type | eBooks |
| Withdrawn status | Lost status | Damaged status | Home library | Current library | Date acquired | Total Checkouts | Date last seen | Price effective from | Koha item type |
|---|---|---|---|---|---|---|---|---|---|
| Project Gutenberg | Project Gutenberg | 08/28/2014 | 08/28/2014 | 08/28/2014 | eBooks |